000 005930000a22001810004500
003 MACL
005 20160511152659.0
008 160511b xxu||||| |||| 00| 0 eng d
040 _aMACL
_cMACL
041 _aHindi
082 _a891.431 DAS
100 _aदास, जीवनानंद
_956149
245 _aवनलता सेन और अन्‍य कविताऍ
_cजीवनानंद दास
260 _bआकृति प्रकाशन
_c2006
_aनई दिल्‍ली
350 _a125
650 _aPoetry
_956150
942 _cHIN
_k891.431/DAS
_2ddc
999 _c41600
_d41600